[Event "Washington International"]
[Site "Rockville, MD"]
[Date "2012.07.28"]
[Round "1"]
[White "Kekelidze, Mikheil"]
[Black "Adu, Oladapo Oluto"]
[Result "1-0"]
[WhiteElo "2494"]
[BlackElo "2222"]
[PlyCount "49"]
[EventDate "2012.??.??"]

1. d4 d5 2. Nf3 Nf6 3. c4 c6 4. Nc3 a6 5. cxd5 cxd5 6. Bf4 Nc6 7. Ne5 e6 (7...
g6 8. e3 Bd7 9. Bd3 Bg7 10. O-O O-O 11. Qf3 Rc8 12. Qh3 Nh5 13. Nxd5 h6) 8. e3
Bd7 9. Bd3 Be7 10. O-O O-O 11. Qf3 Rc8 12. Qh3 Na5 13. Nxd5 h6 14. Nxf6+ Bxf6
15. Bxh6 Re8 16. Bf4 Bb5 17. Qh7+ Kf8 18. Bxb5 axb5 19. Qh8+ Ke7 20. Qh5 Rf8
21. Rac1 Nc4 22. b3 Nd6 23. Nd3 Qa5 24. Bxd6+ Kxd6 25. a4 1-0

[Event "Washington International"]
[Site "Rockville, MD"]
[Date "2012.07.28"]
[Round "2"]
[White "Onischuk, Alexander"]
[Black "Morrison, William"]
[Result "1-0"]
[WhiteElo "2666"]
[BlackElo "2330"]
[PlyCount "53"]
[EventDate "2012.??.??"]

1. d4 Nf6 2. c4 e6 3. Nc3 d5 4. Nf3 Be7 5. Bf4 O-O 6. e3 b6 7. cxd5 Nxd5 8.
Nxd5 exd5 9. Bd3 c5 10. Qc2 h6 11. Ne5 cxd4 12. exd4 Bb4+ 13. Bd2 Bxd2+ 14.
Qxd2 f6 15. Nf3 Re8+ 16. Kf1 Ba6 17. g3 Re4 18. Kg2 Bxd3 19. Qxd3 Nc6 20. Rac1
Qd6 21. Rc3 Rae8 22. Rhc1 Na5 23. b3 R4e7 24. Nh4 Re4 25. Rc7 Qe6 26. Qf3 Re7
27. Rxe7 1-0

[Event "Washington International"]
[Site "Rockville, MD"]
[Date "2012.07.28"]
[Round "2"]
[White "Foisor, Sabina-Francesca"]
[Black "Colas, Joshua"]
[Result "1-0"]
[WhiteElo "2356"]
[BlackElo "2126"]
[PlyCount "65"]
[EventDate "2012.??.??"]

1. d4 Nf6 2. c4 e6 3. Nc3 Bb4 4. e3 b6 5. Bd3 Bb7 6. f3 d5 7. Nge2 O-O 8. O-O
Nbd7 9. a3 Be7 10. Bd2 c5 11. cxd5 Nxd5 12. Nxd5 Bxd5 13. Rc1 cxd4 14. exd4 Nf6
15. Bf4 Bd6 16. Qd2 Bb7 17. Bg5 Be7 18. Be3 Qd7 19. Nc3 Rac8 20. Kh1 Rfd8 21.
Bb1 Nd5 22. Qd3 g6 23. Nxd5 Bxd5 24. Qa6 Bf6 25. Bd3 Bc6 26. Rfd1 Ba4 27. Rxc8
Rxc8 28. Re1 Bxd4 29. Bxd4 Rd8 30. Bf6 Qxd3 31. Qxa4 Qd2 32. Rg1 Rc8 33. Qxa7
1-0

[Event "Washington International"]
[Site "Rockville, MD"]
[Date "2012.07.28"]
[Round "2"]
[White "Benjamin, Joel"]
[Black "Gu, Christopher"]
[Result "0-1"]
[WhiteElo "2559"]
[BlackElo "2225"]
[PlyCount "86"]
[EventDate "2012.??.??"]

1. d4 Nf6 2. c4 e6 3. Nc3 Bb4 4. e3 c5 5. Bd3 Nc6 6. Nge2 cxd4 7. exd4 d5 8.
cxd5 Nxd5 9. O-O O-O 10. Bc2 Be7 11. Qd3 g6 12. Qf3 Bf6 13. Rd1 Bg7 14. Be4
Nxc3 15. bxc3 Bd7 16. Rb1 Qc8 17. h3 f5 18. Bc2 e5 19. Ba3 Re8 20. Bb3+ Kh8 21.
Bf7 Rd8 22. Qg3 Be6 23. Bxe6 Qxe6 24. Rd2 Na5 25. Rc2 Nc4 26. Bc1 b6 27. Bg5
Rd7 28. Rd1 Rc8 29. Bc1 Nd6 30. Qe3 Qd5 31. Kh2 f4 32. Qd3 e4 33. Qa6 f3 34.
Ng3 fxg2 35. Bf4 Rf8 36. c4 Qf7 37. Be3 Nf5 38. Nxf5 gxf5 39. Bf4 Rxd4 40. Rg1
Rd3 41. Rxg2 Rxh3+ 42. Kxh3 Qh5+ 43. Kg3 Rg8 0-1

[Event "Washington International"]
[Site "Rockville, MD"]
[Date "2012.07.28"]
[Round "2"]
[White "Kaufman, Lawrence"]
[Black "Ryba, Andrew"]
[Result "1/2-1/2"]
[WhiteElo "2382"]
[BlackElo "2162"]
[PlyCount "104"]
[EventDate "2012.??.??"]

1. d4 Nf6 2. c4 e6 3. Nc3 Bb4 4. e3 b6 5. Nge2 Ba6 6. a3 Bxc3+ 7. Nxc3 d5 8.
Qa4+ Qd7 9. Qxd7+ Nbxd7 10. b3 c5 11. a4 O-O 12. Nb5 Bb7 13. Bb2 a6 14. Nc3
Rfe8 15. O-O-O Rec8 16. Kb1 cxd4 17. exd4 dxc4 18. bxc4 Ne4 19. Nxe4 Bxe4+ 20.
Ka1 Bc2 21. Rc1 Bxa4 22. Be2 Bc6 23. Rhd1 Bb7 24. Rc3 b5 25. d5 exd5 26. Rg3 g6
27. cxd5 Re8 28. Bg4 Ne5 29. Bh3 Nc4 30. d6 Nxb2 31. Kxb2 Re2+ 32. Ka1 Rd8 33.
d7 Kf8 34. Rc3 Ke7 35. Rc7 Be4 36. f3 Bf5 37. Bxf5 gxf5 38. Ra7 Re6 39. Rd5 Rd6
40. Rxd6 Kxd6 41. Rxa6+ Kc5 42. Rh6 Rxd7 43. Rxh7 Kc4 44. Kb2 Rd2+ 45. Kc1 Rxg2
46. Rxf7 Rxh2 47. Rxf5 b4 48. Re5 Rf2 49. Re3 b3 50. Re8 Rxf3 51. Rc8+ Kb4 52.
Rb8+ Kc4 1/2-1/2

[Event "Washington International"]
[Site "Rockville, Md"]
[Date "2012.07.29"]
[Round "3"]
[White "Liang, Awonder"]
[Black "Kaufman, Lawrence"]
[Result "1-0"]
[WhiteElo "1922"]
[BlackElo "2382"]
[PlyCount "73"]
[EventDate "2012.??.??"]

1. e4 e5 2. Nf3 Nc6 3. d4 exd4 4. Nxd4 Nf6 5. Nxc6 bxc6 6. e5 Qe7 7. Qe2 Nd5 8.
c4 Nb6 9. Nd2 a5 10. Qe4 g6 11. Bd3 Bg7 12. Nf3 Qb4+ 13. Nd2 O-O 14. O-O Re8
15. Nf3 d5 16. Qh4 Nxc4 17. Bxc4 Qxc4 18. Bf4 Bd7 19. Rac1 Qb4 20. a3 Qf8 21.
Rfe1 c5 22. Bg5 Rab8 23. Bf6 c4 24. Qd4 Be6 25. Qa7 c5 26. Rc2 Ra8 27. Qc7 Rec8
28. Qb6 Bxf6 29. exf6 Qd8 30. Rxe6 fxe6 31. Qxe6+ Kf8 (31... Kh8 32. Ng5) 32.
Ng5 Ra7 33. Re2 Qd7 34. Nxh7+ Qxh7 35. Qxc8+ Kf7 36. Re7+ Rxe7 37. fxe7 1-0

[Event "Washington International"]
[Site "Rockville, Md"]
[Date "2012.07.29"]
[Round "3"]
[White "Ryba, Andrew"]
[Black "Rosen, Eric S"]
[Result "1/2-1/2"]
[WhiteElo "2162"]
[BlackElo "2328"]
[PlyCount "137"]
[EventDate "2012.??.??"]

1. d4 d5 2. c4 e6 3. Nc3 Nf6 4. cxd5 exd5 5. Bg5 c6 6. e3 h6 7. Bh4 Bf5 8. Bd3
Bxd3 9. Qxd3 Be7 10. Nf3 Nbd7 11. a3 O-O 12. O-O a5 13. Nd2 Re8 14. f3 a4 15.
Bf2 c5 16. Rac1 Ra5 17. e4 cxd4 18. Bxd4 dxe4 19. Ndxe4 Nxe4 20. Nxe4 Nc5 21.
Nxc5 Rxc5 22. Rcd1 Rd5 23. Qc3 Bc5 24. Qxc5 Rxc5 25. Bxc5 Qg5 26. Bd4 Re2 27.
Rf2 Re6 28. Bc3 h5 29. h3 Qc5 30. Kf1 Qf5 31. Re2 Qb5 32. Rdd2 Kh7 33. Ke1
Rxe2+ 34. Rxe2 Kg6 35. Re5 Qd7 36. Ke2 f6 37. Re4 b5 38. Rd4 Qe6+ 39. Re4 Qb3
40. Kf2 Qc2+ 41. Re2 Qd3 42. Re3 Qd5 43. Re4 Kf7 44. Kf1 g5 45. Kf2 Kg6 46. Rd4
Qc5 47. Kf1 Kf7 48. Re4 Qc6 49. Kf2 f5 50. Rd4 Ke6 51. Kf1 Qb6 52. Ke2 Qc7 53.
Kf2 Qc5 54. Kf1 Qc8 55. Kf2 Qb8 56. Kf1 Qg3 57. Rb4 g4 58. Be1 Qd6 59. hxg4
hxg4 60. fxg4 Qd3+ 61. Kf2 fxg4 62. Rxg4 Qf5+ 63. Kg3 Qe5+ 64. Kf3 Kf5 65. Bc3
Qd5+ 66. Kg3 Qd6+ 67. Kh3 Qd1 68. Rd4 Qf1 69. Kg3 1/2-1/2

[Event "Washington International"]
[Site "Rockville, Md"]
[Date "2012.07.29"]
[Round "4"]
[White "Onischuk, Alexander"]
[Black "Bartell, Thomas"]
[Result "1-0"]
[WhiteElo "2666"]
[BlackElo "2410"]
[PlyCount "79"]
[EventDate "2012.??.??"]

1. d4 Nf6 2. c4 e6 3. Nc3 Bb4 4. e3 c5 5. Nge2 cxd4 6. exd4 O-O 7. a3 Be7 8.
Nf4 d6 9. Be2 e5 10. dxe5 dxe5 11. Qxd8 Bxd8 12. Nfd5 Nc6 13. Be3 Nd4 14. Nxf6+
Bxf6 15. Bxd4 exd4 16. Nd5 Be6 17. Nxf6+ gxf6 18. Kd2 Rac8 19. Rac1 Rfd8 20. c5
Bd5 21. Rhe1 Kf8 22. g3 Rc7 23. b4 h6 24. Bd3 Re7 25. Rxe7 Kxe7 26. Re1+ Be6
27. Be4 b6 28. Rc1 f5 29. Bg2 f4 30. gxf4 Rg8 31. Bf3 Kf6 32. Bb7 bxc5 33. bxc5
Rg4 34. c6 Rxf4 35. c7 Bf5 36. Rc5 Bd7 37. f3 Rh4 38. c8=Q Rxh2+ 39. Kd3 Bxc8
40. Bxc8 1-0

[Event "Washington International"]
[Site "Rockville, Md"]
[Date "2012.07.30"]
[Round "6"]
[White "Ippolito, Dean"]
[Black "Bodek, Michael H"]
[Result "1-0"]
[WhiteElo "2429"]
[BlackElo "2324"]
[PlyCount "55"]
[EventDate "2012.??.??"]

1. d4 Nf6 2. c4 e6 3. g3 d5 4. Nf3 dxc4 5. Bg2 Nc6 6. Qa4 Bb4+ 7. Bd2 Nd5 8.
Bxb4 Ndxb4 9. O-O Rb8 10. Nc3 O-O 11. Qb5 b6 12. Qxc4 Ba6 13. Nb5 Qd5 14. Qxd5
Nxd5 15. a4 Na5 16. Ne5 Rbd8 17. Nxa7 Nb3 18. Nac6 Bxe2 19. Ra3 Bxf1 20. Kxf1
Nd2+ 21. Ke2 Rd6 22. Kxd2 f6 23. Bxd5 fxe5 24. Rf3 Rf6 25. Be4 exd4 26. b4 e5
27. Rxf6 Rxf6 28. f3 1-0

[Event "Washington International"]
[Site "Rockville, MD"]
[Date "2012.07.31"]
[Round "7.1"]
[White "Kamsky, Gata"]
[Black "Azarov, Sergei"]
[Result "1/2-1/2"]
[WhiteElo "2744"]
[BlackElo "2658"]
[PlyCount "96"]
[EventDate "2012.??.??"]

1. d4 d5 2. c4 e6 3. Nf3 Nf6 4. g3 Be7 5. Bg2 O-O 6. O-O dxc4 7. Qc2 a6 8. a4
Bd7 9. Qxc4 Bc6 10. Bf4 Bd6 11. Bg5 Nbd7 12. Nc3 h6 13. Bxf6 Nxf6 14. b4 Bd5
15. Nxd5 exd5 16. Qb3 Qe7 17. e3 Bxb4 18. Ne5 c6 19. Rab1 a5 20. Nd3 Ne8 21.
Nxb4 Qxb4 22. Qxb4 axb4 23. Rxb4 Nd6 24. Bf3 f5 25. Rc1 Kf7 26. Kg2 Ke6 27. Be2
Ra5 28. h3 g6 29. Bd3 g5 30. Be2 Rfa8 31. Bd1 h5 32. Rc5 R5a7 33. g4 fxg4 34.
hxg4 h4 35. Bc2 Kf6 36. Rb6 Ra5 37. Kh3 R8a7 38. Rc3 Nc4 39. Rb4 b5 40. axb5
cxb5 41. Bd3 Ra2 42. Rxb5 Rxf2 43. Bxc4 dxc4 44. Rf5+ Rxf5 45. gxf5 Re7 46. d5
Kxf5 47. d6 Rd7 48. Rxc4 Rxd6 1/2-1/2

[Event "Washington International"]
[Site "Rockville, MD"]
[Date "2012.08.01"]
[Round "9.1"]
[White "Kamsky, GM Gata"]
[Black "Benjamin, GM Joel"]
[Result "1-0"]
[WhiteElo "2744"]
[BlackElo "2559"]
[PlyCount "171"]
[EventDate "2012.??.??"]

1. e4 Nf6 2. e5 Nd5 3. d4 d6 4. Nf3 dxe5 5. Nxe5 c6 6. Be2 Bf5 7. O-O Nd7 8.
Ng4 e6 9. c4 N5f6 10. Ne3 Bg6 11. f4 Qc7 12. Nc3 Bd6 13. g3 Rd8 14. Qe1 O-O 15.
c5 Be7 16. f5 exf5 17. Nxf5 Bxf5 18. Rxf5 Rfe8 19. Qf2 Nf8 20. Bf4 Qd7 21. Be5
Ng6 22. Rf1 b6 23. cxb6 axb6 24. Qf3 Qe6 25. Kh1 Nxe5 26. dxe5 Nd7 27. Qe4 b5
28. Bg4 Qc4 29. Qxc4 bxc4 30. Be2 g6 31. Rxf7 Nxe5 32. R7f4 Rd2 33. Re4 Bd6 34.
Bxc4+ Kg7 35. Re2 Rxe2 36. Bxe2 Nf7 37. Bf3 Ne5 38. Be2 Nf7 39. Rd1 Bb4 40. Bc4
Ne5 41. Bb3 Re7 42. Kg2 Rb7 43. Ne4 Be7 44. h3 Rb4 45. Nc3 Rb8 46. Rd2 Bb4 47.
Re2 Bd6 48. Ne4 Be7 49. Be6 Nd3 50. b3 Bb4 51. Bc4 Ne5 52. Ng5 Bd6 53. Rc2 Re8
54. Be2 Ba3 55. Ne4 Nf7 56. Bf3 Ne5 57. Nd2 Bb4 58. Ne4 Ba3 59. Be2 Nf7 60. Nf2
Ne5 61. Bf3 Re6 62. Re2 Kf7 63. Ne4 Re7 64. Rd2 Kg7 65. Rd8 Ra7 66. Re8 Be7 67.
a4 Kf7 68. Rb8 Nd7 69. Rc8 Ne5 70. Bd1 Ke6 71. Bc2 Kd5 72. Kf2 c5 73. Nc3+ Ke6
74. Ke2 Rd7 75. Ne4 Kd5 76. Ke3 Rb7 77. h4 Rd7 78. b4 Nc4+ 79. Kf4 Na3 80. Nxc5
Bd6+ 81. Kg4 Re7 82. Bb3+ Ke5 83. a5 Nb5 84. a6 Nd4 85. Nb7 h5+ 86. Kh3 1-0

[Event "Washington International"]
[Site "Rockville, Md"]
[Date "2012.08.01"]
[Round "9"]
[White "Foisor, Sabina-Francesca"]
[Black "Krause, Benjamin W"]
[Result "1/2-1/2"]
[WhiteElo "2356"]
[BlackElo "2205"]
[PlyCount "93"]
[EventDate "2012.??.??"]

1. d4 Nf6 2. c4 e6 3. Nc3 Bb4 4. Qc2 d5 5. cxd5 exd5 6. Bg5 c5 7. e3 h6 8. Bb5+
Nc6 9. Bxf6 Qxf6 10. Nge2 O-O 11. O-O Bf5 12. Bd3 Bxd3 13. Qxd3 Bxc3 14. bxc3
c4 15. Qb1 Rab8 16. Qb5 Qd6 17. e4 dxe4 18. Ng3 Rfe8 19. Rae1 a6 20. Qxc4 b5
21. Qb3 Na5 22. Qc2 Qa3 23. Rxe4 Rec8 24. Re3 Nc4 25. Rf3 Qb2 26. Qxb2 Nxb2 27.
Nf5 Kf8 28. Re1 Na4 29. Nd6 Rc7 30. h4 Rd8 31. Rfe3 g6 32. Ne4 Kg7 33. g3 f5
34. Nc5 Nxc5 35. dxc5 Kf7 36. Re5 Rd3 37. R1e3 Rxe3 38. fxe3 Rc6 39. h5 Kf6 40.
Rd5 gxh5 41. Kf2 Ke6 42. e4 fxe4 43. Rxh5 Kd7 44. Re5 Rf6+ 45. Ke3 Rf3+ 46.
Kxe4 Rxg3 47. Rh5 1/2-1/2

[Event "Washington International"]
[Site "Rockville, Md"]
[Date "2012.08.01"]
[Round "9"]
[White "Zenyuk, Iryna"]
[Black "Prieto, Ernesto"]
[Result "0-1"]
[WhiteElo "2242"]
[BlackElo "2104"]
[PlyCount "61"]
[EventDate "2012.??.??"]

1. d4 Nf6 2. c4 g6 3. Nc3 d5 4. cxd5 Nxd5 5. e4 Nxc3 6. bxc3 Bg7 7. Rb1 O-O 8.
Nf3 c5 9. Be2 Nc6 10. d5 Ne5 11. Nxe5 Bxe5 12. Qd2 e6 13. f4 Bg7 14. O-O exd5
15. exd5 b6 16. c4 Bd4+ 17. Kh1 Bf5 18. Bd3 Re8 19. Qc2 Qf6 20. a4 Re7 21. a5
Rae8 22. axb6 axb6 23. Bxf5 gxf5 24. Rb3 Re1 25. Rbf3 R8e2 26. Qd3 Kf8 27. h3
Qg6 28. g4 Qh6 29. Rxe1 Rxe1+ 30. Rf1 Re3 31. Bxe3 0-1